[Event "candidates sf"]
[Site "Abano Terme ITA"]
[Date "1980.08.03"]
[Round "1.2"]
[White "Portisch, Lajos"]
[Black "Huebner, Robert"]
[Result "1/2-1/2"]
[WhiteElo "2655"]
[BlackElo "2600"]
[EventDate "1980.08.02"]
[PlyCount "77"]

1.c4 e5 2.Nc3 Nf6 3.Nf3 Nc6 4.g3 Nd4 5.Bg2 Nxf3+ 6.Bxf3 Bb4 7.Qb3 Bc5 8.d3
O-O 9.O-O c6 10.Bg2 Re8 11.Bd2 Bb6 12.Qc2 h6 13.Na4 Bc7 14.Rac1 d6 15.b4 
Bd7 16.Nc3 Qc8 17.Rfe1 Bh3 18.Bh1 a6 19.a4 a5 20.Rb1 axb4 21.Rxb4 Ba5 22.
Rb2 Qc7 23.Reb1 Reb8 24.Ra1 Nd7 25.Ne4 Bf5 26.Be3 Ra6 27.Bf3 Bxe4 28.Bxe4 
Bb6 29.Bxb6 Nxb6 30.e3 Rba8 31.Rb4 R8a7 32.d4 Nd7 33.Qd1 exd4 34.exd4 Rb6 
35.Rxb6 Nxb6 36.Bc2 Nd7 37.Qe2 Nf6 38.Re1 Kf8 39.Qd2 1/2-1/2

[Event "candidates sf"]
[Site "Abano Terme ITA"]
[Date "1980.08.09"]
[Round "1.4"]
[White "Portisch, Lajos"]
[Black "Huebner, Robert"]
[Result "1/2-1/2"]
[WhiteElo "2655"]
[BlackElo "2600"]
[EventDate "1980.08.02"]
[PlyCount "95"]

1.c4 c5 2.Nf3 Nf6 3.Nc3 e6 4.g3 Nc6 5.Bg2 d5 6.cxd5 Nxd5 7.O-O Be7 8.d4 
O-O 9.e4 Nxc3 10.bxc3 cxd4 11.cxd4 Bf6 12.Be3 b6 13.Qa4 Bd7 14.Qa3 Rc8 15.
Rac1 Na5 16.Qd3 Bc6 17.Rfd1 Qd7 18.d5 exd5 19.exd5 Bb5 20.Qb1 Rxc1 21.Rxc1
Bc4 22.Rd1 Qa4 23.Ng5 g6 24.Ne4 Bg7 25.Rd2 Bb5 26.Nd6 Bd7 27.Bf4 Nc4 28.
Nxc4 Qxc4 29.Rc2 Qd3 30.Qc1 Bf5 31.Rc7 Re8 32.h3 Bd4 33.Qd2 Qxd2 34.Bxd2 
Re2 35.Be3 Bxe3 36.fxe3 h5 37.Bf3 Rxe3 38.Kf2 Ra3 39.g4 hxg4 40.hxg4 Rxa2+
41.Ke3 Ra3+ 42.Kf2 Ra2+ 43.Kg3 Bb1 44.d6 Rd2 45.d7 Kf8 46.Bc6 Ke7 47.Rxa7 
Rd6 48.Ra8 1/2-1/2

[Event "candidates sf"]
[Site "Abano Terme ITA"]
[Date "1980.08.19"]
[Round "1.9"]
[White "Huebner, Robert"]
[Black "Portisch, Lajos"]
[Result "1-0"]
[WhiteElo "2600"]
[BlackElo "2655"]
[EventDate "1980.08.02"]
[PlyCount "80"]

1.e4 c5 2.Nf3 d6 3.d4 cxd4 4.Nxd4 Nf6 5.Nc3 a6 6.Be3 e6 7.f4 b5 8.Qf3 Bb7 
9.Bd3 Nbd7 10.g4 Nc5 11.g5 b4 12.gxf6 bxc3 13.fxg7 Bxg7 14.bxc3 Qc7 15.Rb1
O-O-O 16.Ke2 Rhe8 17.Rhg1 Bh8 18.f5 e5 19.Nb3 Nxe4 20.Bxe4 Qc4+ 21.Kd2 
Bxe4 22.Qf2 Kd7 23.Bb6 Rb8 24.Kc1 Ba8 25.Nd2 Qa4 26.f6 Bd5 27.c4 Bxc4 28.
Rg4 Qa3+ 29.Rb2 Be6 30.Nc4 Qh3 31.Nxe5+ dxe5 32.Rd4+ Bd5 33.Rxd5+ Ke6 34.
Rc5 Qh6+ 35.Kb1 Qf4 36.Rc6+ Kf5 37.Qe2 h6 38.Rb3 Kg6 39.Rf3 Qd4 40.Rb3 Qd5
1-0

[Event "candidates sf"]
[Site "Abano Terme ITA"]
[Date "1980.08.21"]
[Round "1.10"]
[White "Portisch, Lajos"]
[Black "Huebner, Robert"]
[Result "0-1"]
[WhiteElo "2655"]
[BlackElo "2600"]
[EventDate "1980.08.02"]
[PlyCount "98"]

1.c4 c5 2.Nf3 Nf6 3.Nc3 e6 4.g3 Nc6 5.Bg2 d5 6.cxd5 Nxd5 7.O-O Be7 8.d4 
O-O 9.Nxd5 exd5 10.dxc5 Bxc5 11.Qc2 Bb6 12.Rd1 Qf6 13.Bg5 Qe6 14.Bf4 h6 
15.Qd3 Rd8 16.a4 Qe7 17.Bd2 Bg4 18.a5 Bc5 19.Rac1 a6 20.Re1 Rac8 21.h3 Be6
22.e3 Bb4 23.Ra1 Qd7 24.Kh2 Bf5 25.Qb3 Bxd2 26.Nxd2 d4 27.Nf1 d3 28.Red1 
Qe7 29.Qa3 Nb4 30.e4 Be6 31.Rd2 Rd4 32.Ne3 Rc5 33.Rad1 Qd8 34.Nd5 Bxd5 35.
exd5 Qxa5 36.Qxa5 Rxa5 37.Rc1 Nc2 38.Rcd1 Nb4 39.Rc1 g6 40.Rc3 b6 41.f4 
Ra1 42.Bf3 b5 43.Kg2 Rc4 44.Kf2 Kf8 45.Bd1 Rxc3 46.bxc3 Nxd5 47.Rxd3 Nxc3 
48.Bc2 b4 49.Ke3 a5 0-1

[Event "candidates sf"]
[Site "Buenos Aires ARG"]
[Date "1980.08.14"]
[Round "1.12"]
[White "Polugaevsky, Lev"]
[Black "Kortschnoj, Viktor"]
[Result "1-0"]
[WhiteElo "2635"]
[BlackElo "2695"]
[EventDate "1980.07.21"]
[PlyCount "145"]

1.Nf3 Nf6 2.c4 b6 3.g3 e6 4.Bg2 Be7 5.O-O Bb7 6.d4 O-O 7.d5 exd5 8.Nh4 c6 
9.cxd5 Nxd5 10.Nf5 Bc5 11.e4 Ne7 12.Nxg7 Kxg7 13.b4 Bxb4 14.Qd4+ f6 15.
Qxb4 c5 16.Qd2 Nbc6 17.Bb2 Ba6 18.Rd1 Ne5 19.Na3 N7c6 20.Qe3 Qe7 21.f4 Nc4
22.Nxc4 Bxc4 23.e5 fxe5 24.Bxc6 dxc6 25.Rd7 Qxd7 26.Qxe5+ Kf7 27.Qf6+ Kg8 
28.Qg5+ Kf7 29.Re1 Qe6 30.Qg7+ Ke8 31.Rxe6+ Bxe6 32.Bf6 Bf7 33.Bg5 Kd7 34.
Bh6 c4 35.Qxh7 c5 36.Bxf8 Rxf8 37.Qg7 Ke7 38.Qe5+ Kd7 39.g4 Re8 40.Qf6 Bd5
41.g5 Re2 42.h4 b5 43.Qf5+ Kd6 44.Qf8+ Kc6 45.Qc8+ Kd6 46.Qd8+ Kc6 47.Qa8+
Kd6 48.Qf8+ Kc6 49.a3 Re3 50.h5 c3 51.Qf6+ Be6 52.Kf2 c2 53.Qb2 Rh3 54.Kg2
Bf5 55.Qf6+ Kc7 56.Qxf5 c1=Q 57.Qe5+ Kb6 58.Kxh3 b4 59.axb4 cxb4 60.h6 
Qh1+ 61.Kg4 Qd1+ 62.Kf5 Qc2+ 63.Kf6 b3 64.h7 Qxh7 65.Qe3+ Kc6 66.Qxb3 Qh8+
67.Ke7 Qh4 68.Qc4+ Kb6 69.Qb4+ Kc6 70.Qe4+ Kb5 71.Kf7 a5 72.g6 Qg4 73.Qe5+
1-0